[Event "3. Open Bohumin 2020"]
[Site "Bohumin"]
[Date "2020.07.19"]
[Round "2.13"]
[White "Lojek, Marek"]
[Black "Gratze, Michael"]
[Result "1-0"]
[WhiteElo "2196"]
[BlackElo "1919"]
[Annotator "TA"]
[PlyCount "139"]
[EventDate "2020.07.18"]
[EventType "swiss"]
[EventCountry "CZE"]
[SourceTitle "playchess.com"]
[Source "ChessBase"]
[SourceQuality "1"]

{[%evp 15,139,-4,39,-1,-3,-4,2,0,0,0,0,0,5,-4,-4,-3,0,-10,-6,-9,-2,-8,-3,0,0,-81,-80,-118,-111,-144,-153,-145,-155,-156,-92,-100,-64,-56,-83,-66,-76,-52,-44,-92,0,0,0,0,315,285,362,344,343,312,296,106,106,0,293,282,269,229,270,248,225,213,213,102,112,108,87,87,97,45,45,45,45,51,53,60,81,8,29966,29965,29967,29955,29974,29975,29975,29976,29976,29977,29977,29978,29972,29974,29971,29965,29983,29984,29984,29985,29999,29979,29979,29980,29980,29980,29982,29983,29983,29984,29984,29985,29985,29986,29986,29987,29987,29988,29988,29989,29989,29990,29992,5089]} 1. e4 e6 2. d4 d5 3. e5 c5 4. c3 Nc6 5. Nf3 Bd7 6. a3 Nge7 7. b4 cxd4 8. cxd4 Rc8 9. Be3 {C02: French: Advance Variation.} Nf5 10. Bd3 a5 11. b5 {The position is equal.} Nxe3 12. fxe3 Na7 13. a4 Bb4+ {[#]} 14. Kf2 $146 ({Predecessor:} 14. Nbd2 Rc3 15. Qe2 Qc8 16. O-O O-O 17. Rab1 Qc7 18. Nb3 b6 19. Rfc1 Rc8 20. Rd1 Be7 21. Qb2 Qd8 22. Rbc1 {0-1 (22) Moodley,K (1477)-Pelser,C (1233) Cape Town 2016}) 14... O-O $36 {[%mdl 2048] White is under pressure.} 15. Rf1 f5 16. exf6 Qxf6 {And now ...e5 would win.} 17. Kg1 Qh6 18. Qe2 Bd6 19. Nbd2 Be8 20. e4 (20. Ne5 $11 {keeps the balance.}) 20... Bh5 $1 $17 {Threatens to win with ...Bxh2+!} 21. e5 Bb4 22. Nb3 Rc3 23. Nc5 Bxc5 24. dxc5 {intending c6.} Bxf3 (24... Nc8 $142 $1 25. h3 Qf4) 25. Rxf3 Rxf3 26. Qxf3 Rc1+ (26... Rxc5 27. Rf1 Qf6 28. exf6 g6 29. f7+ Kf8 30. Qf6 Rc8 31. Qh8+ Ke7 32. f8=Q+ Rxf8 33. Qxf8+ Kd7 34. Rf7#) 27. Rxc1 Qxc1+ {[%mdl 64] Double Attack} 28. Kf2 Qxc5+ 29. Kg3 g6 (29... Qd4 $6 30. Bxh7+ $1 {[%mdl 512]} Kxh7 31. Qh5+ Kg8 32. Qe8+ Kh7 33. Qh5+ Kg8 34. Qe8+ Kh7 35. Qh5+ $11) (29... Qc1 $17 30. Qh5 Qe3+ 31. Kh4 g6) 30. Qf6 $1 $11 {[%cal Rf6e6]} Qe3+ 31. Kh4 Qh6+ $2 {[%mdl 8192]} (31... Qxd3 $11 {and Black has nothing to worry.} 32. Qxe6+ Kf8 33. Qf6+ Kg8 34. Qd8+ Kg7 35. Qf6+ Kg8 36. Qd8+ Kg7 37. Qf6+ Kg8) 32. Kg4 $18 Qxh2 33. Qxe6+ {[%mdl 64] Double Attack} Kg7 34. Qe7+ (34. Qxd5 b6 $16) 34... Kg8 35. Qe8+ $2 ({Inferior is} 35. Qxb7 Qxg2+ 36. Kh4 Qh2+ 37. Kg4 Qg2+ 38. Kh4 Qh2+ 39. Kg4 Qg2+ $11) (35. Kf3 $6 Qh5+ 36. Ke3 Qh1 $18) (35. Qd8+ $18 Kg7 36. Qf6+ (36. Qxd5 b6 $16) 36... Kg8 37. Qe6+ Kf8 38. Qf6+ (38. Qxd5 Qh5+ 39. Kf4 Qh6+ 40. Ke4 Qh4+ 41. Kf3 Qh5+ 42. Ke3 Qg5+ 43. Kd4 Nc8 $16) 38... Kg8 39. Qd8+ Kg7 40. Qf6+ (40. Qxd5 b6 $16) 40... Kg8) 35... Kg7 $16 36. Qe7+ $2 (36. Qd7+ $1 $16 Kh6 37. Qxd5) 36... Kg8 $18 37. Qd8+ {[%mdl 64] Double Attack} ({Not} 37. Qxb7 Qxg2+ 38. Kh4 Qh2+ 39. Kg4 Qg2+ 40. Kh4 Qh2+ 41. Kg4 Qg2+ $11) ({Less strong is} 37. Kf3 Qh5+ 38. Ke3 Qh1 $18) 37... Kg7 38. Qxd5 Qh5+ 39. Kf4 Qh4+ 40. Kf3 Qe7 41. Be4 (41. e6 $18 {has better winning chances.}) 41... Nc8 $16 42. Qxb7 Qxb7 43. Bxb7 {[%mdl 4096] Endgame KB-KN} Nb6 44. Ke4 ({White should try} 44. Kf4 $16) 44... Kf8 $1 $14 45. Bd5 {Strongly threatening Kd4.} Nxa4 46. Kd4 {aiming for Bb3.} Ke7 47. Bg8 h5 48. Kd5 (48. Bh7 $16 g5 49. Bf5) 48... g5 $2 {[%mdl 8192]} (48... Nb6+ $11 49. Kc6 Nd7) 49. Kc6 {White mates.} h4 50. Bb3 g4 51. Bxa4 h3 {[#]} 52. gxh3 $1 {KB-KPP} g3 53. b6 g2 54. b7 g1=Q 55. b8=Q Qc1+ 56. Kb6 {[%csl Ga4][%cal Rb8e8]} Qe3+ 57. Ka6 {[%csl Ga4][%cal Rb8e8]} Qh6+ 58. Kb7 {[%csl Ga4][%cal Rb8e8]} Qd2 59. Qc7+ Ke6 60. Bb3+ Kf5 61. Qf7+ Kxe5 62. Qe6+ Kd4 63. Qd5+ Ke3 64. Qxd2+ Kxd2 {[#] KB-KP} 65. h4 $1 Kc3 66. h5 Kxb3 67. h6 a4 68. h7 a3 69. h8=Q Ka2 70. Qc3 {A wild game. Accuracy: White = 70%, Black = 77%.} 1-0

[Event "3. Open Bohumin 2020"]
[Site "Bohumin"]
[Date "2020.07.19"]
[Round "2.14"]
[White "Trybus, Daniel"]
[Black "Rodshtein, Tereza"]
[Result "0-1"]
[WhiteElo "1950"]
[BlackElo "2186"]
[Annotator "TA"]
[PlyCount "54"]
[EventDate "2020.07.18"]
[EventType "swiss"]
[EventCountry "CZE"]
[SourceTitle "playchess.com"]
[Source "ChessBase"]
[SourceQuality "1"]

{[%evp 21,54,0,4,0,0,-4,0,-108,-106,-195,-202,-208,-210,-205,-195,-296,-215,-235,-164,-444,-452,-703,-740,-679,-431,-845,-843,-1177,-1168,-1162,-1157,-1825,-1740,-1938,-1488]} 1. e4 e5 2. Nf3 Nc6 3. Nc3 Nf6 4. d4 exd4 5. Nxd4 Bb4 6. Nxc6 bxc6 7. Bd3 d5 8. exd5 O-O 9. O-O cxd5 10. Bg5 c6 11. Qf3 Rb8 {11...h6 is the modern continuation. Played by Fabiano Caruana in June 2020.} 12. Rfe1 {C47: Scotch Four Knights and Four Knights with 4 g3.} Ba5 13. Rab1 h6 {[#]} 14. Qg3 $146 (14. Bxf6 $11 {keeps the balance.} Qxf6 15. Qxf6 gxf6 16. Red1) ({Predecessor:} 14. Bxf6 Qxf6 15. Qxf6 gxf6 16. Rec1 Rd8 17. a3 c5 18. b4 cxb4 19. Na2 Bc7 20. axb4 {½-½ (51) Tylecek,D (2165)-Struzka,V (2123) ICCF email 2017}) 14... Rb4 $17 15. Bd2 ({Don't go for} 15. Bxh6 $2 Rg4 $19) (15. Bxf6 $17 {might work better.} Qxf6 16. Qe3) 15... Bc7 $19 16. f4 {[#]} Nh5 $1 17. Qf3 {And now Ne2 would win.} Nxf4 ({Don't do} 17... Bxf4 18. Nxd5 Bxd2 19. Nxb4 $17) 18. Bf1 (18. Ne2 {was necessary.} Nxd3 19. cxd3) 18... Qd6 {White must now prevent ...Nh3+!} 19. g3 Nh3+ 20. Kg2 $2 (20. Bxh3 Bxh3 21. Nd1) 20... Bg4 {Black is clearly winning.} 21. Qd3 (21. Qe3 $142) 21... Qf6 {( -> ...Qf2+)} 22. Be2 {[#]} Rd4 $1 {[#]} 23. Qe3 {[#]} (23. Bxg4 $142 $1 {[%mdl 512]} Rxd3 (23... Rxg4 24. Kxh3) 24. cxd3 Qf2+ 25. Kh1 Qxd2 26. Bxh3) 23... Rxd2 $1 {[%mdl 512]} 24. Rf1 (24. Qxd2 Qf2+) 24... Qg5 25. Qxg5 Nxg5 26. Rf2 Bh3+ 27. Kg1 Bb6 {White got outplayed after the opening. Accuracy: White = 29%, Black = 67%.} 0-1

[Event "3. Open Bohumin 2020"]
[Site "Bohumin"]
[Date "2020.07.19"]
[Round "2.15"]
[White "Sramek, Vojtech"]
[Black "Radecki, Adam"]
[Result "1-0"]
[WhiteElo "2177"]
[BlackElo "1895"]
[Annotator "TA"]
[PlyCount "47"]
[EventDate "2020.07.18"]
[EventType "swiss"]
[EventCountry "CZE"]
[SourceTitle "playchess.com"]
[Source "ChessBase"]
[SourceQuality "1"]

{[%evp 31,47,0,0,0,410,383,591,541,509,214,837,715,706,708,29992,29993,29993,29994]} 1. e4 c5 2. Nf3 d6 3. d4 cxd4 4. Nxd4 Nf6 5. Nc3 g6 6. Be3 Bg7 7. f3 Nc6 8. Qd2 O-O 9. Bc4 Bd7 10. h4 Rc8 11. Bb3 Ne5 12. O-O-O Nc4 13. Bxc4 Rxc4 14. h5 Nxh5 15. g4 Nf6 16. Bh6 {[#]} Nxe4 $1 {[%mdl 512]} 17. Qe3 {[#] Strongly threatening Bxg7. B78: Sicilian Dragon: Yugoslav Attack, 9 Bc4 Bd7 10 0-0-0 Rc8.} (17. Nxe4 Rxd4) 17... Nxc3 $4 {[%mdl 8192] [#]} (17... Rxc3 $1 $11 {and Black has nothing to worry.} 18. bxc3 Bxh6 19. Rxh6 (19. Qxh6 Nf6 $15) 19... Nf6) 18. Bxg7 $1 $18 {Threatening mate with Qh6.} Nxa2+ {[#]} (18... Kxg7 19. Qh6+ Kf6 20. Qh4+ Kg7 21. Qxh7+ Kf6 {[#]} 22. g5+ $1 {[%mdl 512]} Ke5 23. bxc3 $18) (18... Rxd4 {was called for.} 19. Bxd4 (19. Rxd4 Ne2+ 20. Kb1 Kxg7 $16) 19... Nxa2+ 20. Kb1 f6 21. Qb3+ e6 22. Qxa2 a6) 19. Kb1 $1 {[%mdl 512] White threatens Qh6 and mate.White is clearly winning.} Qb6 {aiming for ...Nc3+.} 20. Kxa2 $40 {[%mdl 128] White has strong attack.} (20. Rd3 $142 {White wants to mate with Qh6.} Kxg7 21. Qh6+ {[%mdl 64] Double Attack} Kf6 22. Qh4+ g5 23. Qh6+ {[%mdl 64] Double Attack} Ke5 24. Qxg5+ {[%mdl 64] Double Attack} f5 25. Qxe7+ {[%mdl 64] Double Attack} Kd5 26. Nb3+ Rd4 27. Rxd4+ Qxd4 {[%mdl 64] Remove Defender} 28. Nxd4) 20... Be6 $2 (20... Rxc2 21. Nxc2 Qxe3 22. Nxe3 Kxg7) 21. Kb1 {[#] Intending Qh6 and mate.} Rb4 $146 ({Predecessor:} 21... Rfc8 22. Qh6 f6 23. Qxh7+ Kf7 24. Bxf6+ Kxf6 25. g5+ Ke5 26. Rhe1+ {1-0 (26) Hamilton,D (2279)-Jia,J Ballarat 2004}) 22. b3 Rc8 23. Qh6 {[%csl Gh1][%cal Rh6h7]} f6 24. Bf8 {White took control after the opening. Accuracy: White = 57%, Black = 23%.} 1-0

[Event "3. Open Bohumin 2020"]
[Site "Bohumin"]
[Date "2020.07.19"]
[Round "2.16"]
[White "Maroszczyk, Wieslaw"]
[Black "Weinzettl, Ernst"]
[Result "0-1"]
[WhiteElo "1867"]
[BlackElo "2166"]
[Annotator "RC"]
[PlyCount "74"]
[EventDate "2020.07.18"]
[EventType "swiss"]
[EventCountry "CZE"]
[SourceTitle "playchess.com"]
[Source "ChessBase"]
[SourceQuality "1"]
[TimeControl "40/5400+30:900+30"]

1. d4 {[%emt 0:00:00]} Nf6 {[%emt 0:00:00]} 2. c4 {[%emt 0:00:00]} g6 {[%emt 0:00:11]} 3. Nc3 {[%emt 0:00:07]} Bg7 {[%emt 0:00:13]} 4. e4 {[%emt 0:00:09]} d6 {[%emt 0:00:10]} 5. Be2 {[%emt 0:00:09]} Nbd7 {[%emt 0:02:31]} 6. Bg5 {[%emt 0:02:30]} h6 {[%emt 0:00:44]} 7. Be3 {[%emt 0:00:35]} e5 {[%emt 0:00:46]} 8. d5 {[%emt 0:02:48]} Nc5 {[%emt 0:00:15]} 9. f3 {[%emt 0:00:08]} a5 {[%emt 0:00:39]} 10. g4 {[%emt 0:00:35]} h5 {[%emt 0:00:26]} 11. g5 {[%emt 0:02:57]} Nh7 {[%emt 0:00:40]} 12. h4 {[%emt 0:03:29]} O-O {[%emt 0:09:22]} 13. Qd2 {[%emt 0:02:22]} f6 {[%emt 0:06:14]} 14. Nh3 {[%emt 0:06:57]} Bxh3 {[%emt 0:05:39]} 15. Rxh3 {[%emt 0:00:11]} fxg5 {[%emt 0:00:09]} 16. hxg5 {[%emt 0:03:39]} Rf4 {[%emt 0:02:54]} 17. Bxf4 {[%emt 0:02:14]} exf4 {[%emt 0:00:12]} 18. O-O-O {[%emt 0:07:11]} Qxg5 {[%emt 0:12:26]} 19. Rhh1 {[%emt 0:04:24]} Qf6 {[%emt 0:08:31]} 20. Rdg1 {[%emt 0:09:19]} Nf8 {[%emt 0:02:53]} 21. Bd1 {[%emt 0:03:23]} a4 {[%emt 0:03:20]} 22. a3 {[%emt 0:02:01]} Nfd7 {[%emt 0:00:34]} 23. Bc2 {[%emt 0:09:23]} Ne5 {[%emt 0:04:38]} 24. Qe2 {[%emt 0:01:29]} Ra5 {[%emt 0:10:39]} 25. Rh2 {[%emt 0:14:21]} Nb3+ {[%emt 0:02:20]} 26. Bxb3 {[%emt 0:03:06]} axb3 {[%emt 0:00:11]} 27. Rhg2 {[%emt 0:07:19]} Rc5 {[%emt 0:01:38]} 28. Kb1 {[%emt 0:00:22]} Kh7 {[%emt 0:07:49]} 29. Qd1 {[%emt 0:02:37]} b6 {[%emt 0:02:22]} 30. Qf1 {[%emt 0:02:23]} Nxc4 {[%emt 0:02:57]} 31. Na4 {[%emt 0:01:27]} Nxa3+ {[%emt 0:00:21]} 32. Ka1 {[%emt 0:00:34]} Ra5 {[%emt 0:02:09]} 33. e5 {[%emt 0:01:32]} Qxe5 {[%emt 0:00:18]} 34. Qd3 {[%emt 0:02:29]} Nc2+ {[%emt 0:05:09]} 35. Kb1 {[%emt 0:00:48]} Rxa4 {[%emt 0:00:12]} 36. Qxb3 {[%emt 0:00:28]} Ra1+ {[%emt 0:01:07]} 37. Kxc2 {[%emt 0:00:47]} Rxg1 {[%emt 0:00:16]} 0-1

[Event "3. Open Bohumin 2020"]
[Site "Bohumin"]
[Date "2020.07.19"]
[Round "2.17"]
[White "Nytra, Ondrej"]
[Black "Zurawicki, Jakub"]
[Result "1-0"]
[WhiteElo "2112"]
[BlackElo "1806"]
[Annotator "TA"]
[PlyCount "91"]
[EventDate "2020.07.18"]
[EventType "swiss"]
[EventCountry "CZE"]
[SourceTitle "playchess.com"]
[Source "ChessBase"]
[SourceQuality "1"]

{[%evp 17,91,43,63,0,33,20,86,24,79,83,118,120,95,63,89,68,75,77,109,101,96,51,157,116,141,137,180,187,221,217,201,162,219,205,215,202,230,222,214,197,310,202,234,207,306,292,290,241,265,166,256,252,303,294,356,352,364,375,391,385,440,402,514,486,690,685,681,460,458,440,590,628,620,598,611,556]} 1. e4 c5 2. Nf3 Nc6 3. d4 cxd4 4. Nxd4 e5 5. Nb5 a6 6. Nd6+ Bxd6 7. Qxd6 Qe7 8. Qd1 Nf6 9. Nc3 h6 10. g3 {[#] B32: Sicilian: Löwenthal and Kalashnikov Variations.} ({Better is} 10. Be3 $14) 10... O-O $146 (10... d5 $5) ({Predecessor:} 10... d6 11. h3 Bd7 12. Be3 Rc8 13. Qd2 Nd4 14. Bxd4 exd4 15. Qxd4 d5 16. e5 Bf5 17. Be2 Ne4 18. Nxd5 {1-0 (35) Kiziltas,I (1803)-Demirkesen,M (1592) Antalya 2020}) 11. Bg2 b5 (11... d6 $11) 12. O-O (12. Nd5 $16 Qd6 13. Nxf6+ Qxf6 14. O-O) 12... Bb7 (12... d6 $11 {keeps the balance.}) 13. Nd5 $16 Nxd5 14. exd5 Nd8 15. Be3 d6 16. a4 f5 17. axb5 axb5 {...Rxa1 would now be nice for Black.} 18. Rxa8 Bxa8 19. f4 e4 (19... exf4 $14 20. Bxf4 Nf7) 20. Rf2 Nb7 21. Bf1 $36 {[%mdl 2048] White is really pushing.} Qd7 22. b4 Rb8 23. Qd4 Nd8 24. Bc1 Qf7 (24... Bb7 {was worth a try.} 25. Qb6 Rc8) 25. Rd2 $18 Rb7 26. Bb2 Qe8 27. Be2 Kh7 28. Kf1 Qg6 (28... Rc7 $142 29. c3 (29. Qb6 Qe7 $16) 29... Bb7) 29. Ke1 Qf7 30. Kd1 Qc7 (30... Qf8 $142 31. Kc1 Nf7) 31. g4 Qf7 32. Bc3 Kg8 33. Qe3 Qg6 (33... Rc7 {might work better.}) 34. h3 fxg4 35. hxg4 Qe8 36. Kc1 Nf7 37. Qd4 {[%csl Gc3][%cal Rd4g7] [#]} Nh8 38. f5 Qe7 39. Kb2 Rb8 40. Bf1 {White is clearly winning.} e3 (40... Rc8 $142 41. Bxb5 Rb8) 41. Re2 Qf7 42. Bg2 Re8 43. Be4 Qf6 {Threatens to win with ...Qxd4.} 44. Qxe3 Qg5 {Now ...Qxe3 and Black clings on.} 45. Qa7 {Black must now prevent f6!} Nf7 {[#]} 46. Bd3 $1 {Accuracy: White = 62%, Black = 30%.} 1-0

[Event "3. Open Bohumin 2020"]
[Site "Bohumin"]
[Date "2020.07.19"]
[Round "2.19"]
[White "Lys, Josef"]
[Black "Delgerdalai, Bayarjavkhlan"]
[Result "1-0"]
[WhiteElo "2121"]
[BlackElo "1626"]
[Annotator "TA"]
[PlyCount "101"]
[EventDate "2020.07.18"]
[EventType "swiss"]
[EventCountry "CZE"]
[SourceTitle "playchess.com"]
[Source "ChessBase"]
[SourceQuality "1"]

{[%evp 15,101,10,12,8,7,14,41,28,29,0,0,0,0,0,0,0,0,-19,-5,-6,-8,-15,-21,-28,-4,-39,47,29,122,9,33,5,32,32,33,12,97,90,91,54,63,60,84,64,83,91,183,176,178,104,123,102,179,139,209,189,207,197,218,208,240,225,185,173,241,212,264,264,256,185,229,178,304,250,631,601,573,425,361,411,408,422,380,399,447,461,1555,1524]} 1. d4 Nf6 2. Nf3 g6 3. b3 Bg7 4. Bb2 O-O 5. g3 b6 6. Bg2 Bb7 7. O-O e6 8. c4 d5 9. Nc3 {D77: Fianchetto Grünfeld: 6 0-0: Replies other than 6...c6.} Nbd7 {9...Nbd7 has become a bit dusty these days.} 10. Rc1 a6 11. cxd5 {White is slightly better.} exd5 12. Ba3 Re8 {[#]} 13. Qc2 $146 ({Predecessor:} 13. Nd2 Rc8 14. Bh3 c5 15. e3 cxd4 16. exd4 b5 17. Bb2 Qa5 18. Nf3 Bh6 19. Rc2 Rcd8 {½-½ (19) Delorme,A (2510)-Teclaf,P (2431) Szczawno Zdroj 2018}) 13... Rc8 14. Rfd1 Ne4 15. Nxe4 dxe4 16. Nd2 {[%cal Rd2e4]} f5 ({Much worse is} 16... Bxd4 $6 17. e3 $16 (17. Bxe4 Bxe4 18. Nxe4 c5 $16)) 17. Nc4 Nf6 18. Ne5 Nd5 19. Nc6 Qd7 20. e3 a5 (20... Re6 $15 21. Ne5 Qe8) 21. Bf1 $14 Re6 (21... Ra8 $11) 22. Na7 (22. Bb5 $1 $16) 22... Ra8 23. Nb5 c6 24. Nc3 Rc8 25. Qe2 b5 (25... Ree8 $11 {remains equal.}) 26. Nxd5 $16 Qxd5 27. Bc5 Ra8 $1 28. a4 Ba6 29. Qc2 Bf6 30. Bb6 Bd8 {[#]} (30... b4 $16 {keeps fighting.}) 31. Bxd8 $1 $18 Qxd8 {[#]} 32. d5 $1 {[%mdl 512]} cxd5 $16 33. axb5 Rc8 (33... Bb7 $16) 34. Qd2 Bb7 (34... Rxc1 $16 {might work better.} 35. Rxc1 Bb7) 35. Rxc8 $18 Qxc8 36. Ra1 ({Much less strong is} 36. Qxa5 Kf7) 36... Rd6 37. Rxa5 Qd8 38. Ra7 Qb6 39. Ra4 Kg7 (39... Kf7 {was worth a try.} 40. Qa2 Rd7) 40. Qc3+ Kh6 41. Qe5 Rd7 42. Qe8 Qd6 {[#]} 43. Qh8 $1 Rc7 (43... g5 $142 44. Ra7 Rf7) 44. Ra7 Qc5 $2 (44... Rg7 45. Be2 Qb6) 45. Qb8 Qb6 46. b4 {Strongly threatening Ra6!} Rf7 47. Ra6 Qc7 48. Qxc7 Rxc7 49. Ra7 Rg7 50. b6 Kg5 (50... Bc8 $142 51. h4 g5 52. hxg5+ Kg6) 51. Ba6 {Accuracy: White = 73%, Black = 44%.} 1-0

[Event "3. Open Bohumin 2020"]
[Site "Bohumin"]
[Date "2020.07.19"]
[Round "2.20"]
[White "Czerw, Dawid"]
[Black "Kijonka, Ondrej"]
[Result "1-0"]
[WhiteElo "2287"]
[BlackElo "1544"]
[Annotator "TA"]
[PlyCount "39"]
[EventDate "2020.07.18"]
[EventType "swiss"]
[EventCountry "CZE"]
[SourceTitle "playchess.com"]
[Source "ChessBase"]
[SourceQuality "1"]

{[%evp 9,39,116,125,58,212,212,218,232,266,-100,-117,-131,82,75,77,113,103,111,121,87,308,310,322,141,409,338,485,487,470,455,29991,29992]} 1. d4 Nf6 2. c4 c5 3. d5 e6 4. Nc3 b6 5. e4 d6 6. dxe6 {A60: Modern Benoni: Early Divergences.} (6. f4 $16) 6... fxe6 $2 {[#]} ({Black should play} 6... Bxe6 $14 7. Nf3 Be7) 7. e5 $146 {[%cal Re5f6][%mdl 512]} ({Predecessor:} 7. Nf3 Bb7 8. e5 Ne4 9. Nxe4 Bxe4 10. Ng5 Bf5 11. g4 Be7 12. gxf5 Bxg5 13. Qh5+ {1-0 (22) Shcherbenko,A (2036)-Yakovenko,B Kiev 2005}) 7... dxe5 {aiming for ...Qxd1+.} 8. Qf3 {White is clearly better.} Qd7 9. Bg5 $2 (9. Qxa8 $18 Nc6 10. Bg5) 9... Bb7 $17 10. Qh3 Be7 $2 (10... Nc6 $17 {and life is bright. ...e4 is the strong threat.} 11. Rd1 Nd4) 11. Rd1 $36 {[%mdl 3072] White has strong compensation. White is in control.} Qc8 {[#]} 12. Bd3 $1 h6 13. Bg6+ Kf8 14. Nf3 Nc6 $2 (14... Bxf3 $16 15. Qxf3 Nc6) 15. O-O $18 Kg8 16. Bc1 (16. Bh4 $18) 16... Bd8 $2 {[%mdl 8192]} (16... Nh7 $16 17. Rfe1 Nf8) 17. Nb5 {Hoping for Nd6.} Be7 (17... Bc7 {keeps fighting.} 18. Nxc7 Qxc7 19. Qxe6+ Kf8) 18. Nd6 Bxd6 19. Rxd6 Nd8 {[#]} (19... Ne8 $18) 20. Rxd8+ $1 {[%mdl 576] Double Attack. Accuracy: White = 51%, Black = 18%.} 1-0

[Event "3. Open Bohumin 2020"]
[Site "Bohumin"]
[Date "2020.07.20"]
[Round "3.1"]
[White "Kriebel, Tadeas"]
[Black "Poysti, Nathanael"]
[Result "1-0"]
[WhiteElo "2515"]
[BlackElo "2209"]
[Annotator "TA"]
[PlyCount "55"]
[EventDate "2020.07.18"]
[EventType "swiss"]
[EventCountry "CZE"]
[SourceTitle "playchess.com"]
[Source "ChessBase"]
[SourceQuality "1"]

{[%evp 9,55,18,25,20,23,23,19,26,26,31,22,0,22,22,16,11,24,2,43,43,42,0,0,0,27,12,24,22,37,32,25,8,57,45,43,17,80,81,97,93,205,214,226,211,215,231,271,270]} 1. e4 c5 2. Nf3 d6 3. Bb5+ Nd7 4. O-O a6 5. Bd3 Ngf6 6. c3 {B51: Sicilian: Moscow Variation (3 Bb5+) without 3...Bd7.} b5 {[%cal Bb7b5,Bb5b4][%mdl 32]} 7. a4 b4 {7...Bb7 is becoming the main line.} 8. Bc2 {The position is equal.} Bb7 9. Re1 Qc7 10. d3 Rc8 11. a5 bxc3 12. bxc3 g6 {[#]} 13. Bf4 $146 ({Predecessor:} 13. Nbd2 Bg7 14. Nc4 O-O 15. Bg5 h6 16. Bf4 Nh5 17. Bd2 Rb8 18. Qc1 Kh7 19. Ne3 {½-½ (39) Kazoks,A (2246)-Herman,T (2227) ICCF email 2018}) 13... e5 14. Bg5 Bg7 15. Nbd2 {[%cal Bb1d2,Bd2c4,Bc4e3,Be3d5][%mdl 32]} O-O 16. Nc4 Rb8 17. Qd2 Rfe8 18. Ba4 $36 {[%mdl 2048] White is more active.} Bc6 19. Bxc6 Qxc6 20. Qa2 Rb5 21. Ne3 Reb8 22. Qa4 {Threatens to win with c4.} Qc7 {[#]} (22... c4 $11) 23. Nd2 $1 $16 R8b7 24. Ndc4 Nb8 (24... Qb8 $16 {might work better.}) 25. Bxf6 $18 Bxf6 26. Nd5 Qd8 27. Ncb6 Nd7 28. c4 {Accuracy: White = 91%, Black = 68%.} 1-0

[Event "3. Open Bohumin 2020"]
[Site "Bohumin"]
[Date "2020.07.20"]
[Round "3.2"]
[White "Rodshtein, Tereza"]
[Black "Pulpan, Jakub"]
[Result "0-1"]
[WhiteElo "2186"]
[BlackElo "2407"]
[Annotator "TA"]
[PlyCount "80"]
[EventDate "2020.07.18"]
[EventType "swiss"]
[EventCountry "CZE"]
[SourceTitle "playchess.com"]
[Source "ChessBase"]
[SourceQuality "1"]

{[%evp 12,80,20,30,32,32,32,32,40,44,35,30,48,41,47,45,43,35,40,33,54,57,45,51,62,60,71,51,61,29,25,39,75,25,20,0,8,-27,-31,-35,0,-18,18,-27,-27,-29,-25,-75,-35,-120,-122,-126,-136,-247,-249,-490,-482,-439,-301,-312,-306,-543,-529,-909,-842,-791,-766,-1171,-1120,-2126,-1987]} 1. e4 e5 2. Nf3 Nc6 3. d4 exd4 4. Nxd4 Bb4+ 5. c3 Bc5 6. Be3 Bb6 7. Nf5 Bxe3 {C45: Scotch Game.} 8. Nxe3 Nf6 9. f3 O-O {White is slightly better.} 10. c4 d6 11. Nc3 Nd7 12. Be2 Nc5 13. O-O Re8 {[#]} 14. Rc1 $146 ({Predecessor:} 14. Qd2 Bd7 15. Ncd5 a5 16. Rae1 Ne7 17. Bd1 Nxd5 18. Nxd5 c6 19. Ne3 Qb6 20. b3 {1-0 (43) Akhmetov,A (2416)-Makhnev,D (2382) Astana 2017}) 14... Bd7 15. Qd2 Rc8 16. Bd1 Qh4 17. Bc2 a6 18. Ncd5 a5 19. Nc3 Ne6 20. Nf5 Qf4 21. Qf2 Nc5 22. g3 Qg5 23. f4 Qh5 24. Ne3 Nb4 $1 {And now ...Ncd3 would win.} 25. Rcd1 Nxc2 26. Qxc2 Bh3 27. Rf2 f5 {[%cal Rc5e4]} 28. Rd5 $1 {[%cal Re3f5]} c6 29. Rd4 fxe4 {...Nd3 is the strong threat.} 30. Rxd6 (30. Qd1 $15 Qxd1+ 31. Ncxd1) 30... Nd3 $17 {[#] Hoping for ...Qc5.} 31. Re2 Qf3 $36 {[%mdl 2048] White is under strong pressure.} 32. Ncd1 (32. c5 $17 {was worth a try.}) 32... Rcd8 $19 33. Rxd8 $2 (33. c5 h5 34. f5) 33... Rxd8 34. Rd2 {[#]} g5 $1 {[%mdl 512]} 35. f5 (35. fxg5 Rf8) 35... Rf8 36. g4 $2 (36. Rxd3 {was necessary.} exd3 37. Qxd3) 36... Bxg4 {Threatens to win with ...Nf4.Black is clearly winning.} 37. Rg2 Nf4 38. h3 Nxg2 39. Nxg4 Nf4 {White must now prevent ...Ne2+.} 40. Nde3 Ne2+ {Accuracy: White = 55%, Black = 82%.} 0-1